| 000 | 01052nam0a22002891 4500 | ||
|---|---|---|---|
| 001 | v19\rc\1979335 | ||
| 005 | 20251118181153.7 | ||
| 035 | _a(NLR Aleph) 005062706 | ||
| 090 |
_a7012908 _c7012908 |
||
| 100 | _a20080623e19141914|||y0rusy50 ca | ||
| 101 | 0 | _arus | |
| 102 | _aRU | ||
| 105 | _aa z ||||| | ||
| 200 | 1 |
_aШесть армянских надписей VII-X вв. _fИ.А. Орбели |
|
| 210 |
_aПетроград _cтип. Имп. Акад. наук _d1914 |
||
| 215 |
_a[2], 72-91 с., 2 л. ил. _d27 |
||
| 311 | _aОтт. из "Христиан. Востока". Т. 3, вып. 1 | ||
| 488 | 0 | _12001#$aХристианский Восток$vТ. 3, вып. 1 | |
| 532 | 1 | 1 | _aШесть армянских надписей седьмого-десятого веков |
| 700 | 1 |
_aОрбели _bИ. А. _f1887-1961 _gИосиф Абгарович |
|
| 801 | 0 |
_aRU _bNLR _gpsbo |
|
| 801 | 0 |
_aRU _bRuMoRGB _2psbo |
|
| 801 | 1 |
_aRU _bProSoft-M _2rusmarc |
|
| 852 |
_aNLR _jИр16/Б-8/55 |
||
| 899 | _aГПИБ | ||
| 942 | _cBOOK | ||
| 980 | _aNB | ||